Państwa o najniższej maksymalnej wysokości - Statystyki

Ogólne statystyki
  • Ten quiz został rozwiązany 5 razy
  • Średni wynik to 14 z 20
Statystyki odpowiedzi
Metry Kontynent Państwo % Poprawnych
5 Azja Malediwy
100%
318 Europa Estonia
80%
81 Oceania Kiribati
80%
294 Europa Litwa
80%
312 Europa Łotwa
80%
5 Oceania Tuvalu
80%
75 Europa Watykan
80%
10 Oceania Wyspy Marshalla
80%
63 Ameryka Północna Bahamy
60%
122 Azja Bahrajn
60%
171 Europa Dania
60%
64 Afryka Gambia
60%
103 Azja Katar
60%
306 Azja Kuwejt
60%
253 Europa Malta
60%
161 Europa Monako
60%
71 Oceania Nauru
60%
242 Oceania Palau
60%
164 Azja Singapur
60%
300 Afryka Gwinea Bissau
40%
Nie znaleziono quizów pasujących do podanych kryteriów
Rozkład punktacji
Procent ludzi z każdym wynikiem
Percentyl według liczby udzielonych odpowiedzi
Twoja historia wyników
Nie rozwiązałeś tego quizu